[Event "Tourn. n8620"]
[Site "www.chess-mail.com"]
[Date "2016.02.07"]
[Round "1"]
[White "Biggles"]
[Black "Hansen"]
[WhiteElo "1499"]
[BlackElo "1550"]
[Result "1-0"]
[Round "1"]
1.e4 c6
2.d4 h6
3.Nb1c3 e6
4.Bf1c4 d5
5.exd5 exd5
6.Bc4d3 Bf8b4
7.Ng1f3 Bc8g4
8.O-O Ng8f6
9.h3 Bg4xf3
10.Qd1xf3 Bb4xc3
11.bxc3 Nb8d7
12.Bc1a3 Qd8a5
13.Ba3b4 Qa5c7
14.Rf1e1 Kd8
15.Bb4e7 Kc8
16.Bd3f5 b5
17.Be7xf6 gxf6
18.Re1e7 Rh8d8
19.Re7xf7 Kb7
20.Qf3g4 Qc7a5
21.Bf5xd7 Qa5xc3
22.Bd7f5 Kb6
23.Ra1d1 Rd8e8
24.Rf7xf6 Re8g8
25.Qg4f4 Ra8e8
26.Rf6e6 Re8f8
27.a4 bxa4
28.Rd1b1 Ka6
29.Bf5d3 Ka5
30.Qf4c7 
1-0

[Event "Tourn. n8585"]
[Site "www.chess-mail.com"]
[Date "2016.02.07"]
[Round "1"]
[White "Louis"]
[Black "Neo"]
[WhiteElo "1860"]
[BlackElo "1880"]
[Result "0-1"]
[Round "1"]
1.d4 d5
2.c4 dxc4
3.e4 b5
4.a4 c6
5.Nb1c3 a6
6.axb5 cxb5
7.Nc3xb5 Bc8b7
8.Nb5c3 e6
9.Bf1xc4 Bf8b4
10.Qd1a4 Bb7c6
11.Qa4xb4 a5
12.Qb4c5 Ng8e7
13.Ng1f3 O-O
14.Bc1g5 Rf8e8
15.Nf3e5 Bc6d7
16.O-O Nb8c6
17.Ne5xc6 Bd7xc6
18.Bg5xe7 Re8xe7
19.Qc5xc6 h6
20.Rf1d1 Ra8c8
21.Qc6b5 Re7d7
22.Nc3e2 Rc8b8
23.Qb5a4 Rb8xb2
24.Ra1b1 Rb2xb1
25.Rd1xb1 Rd7a7
26.g3 Qd8a8
27.Ne2c3 Ra7c7
28.d5 exd5
29.Nc3xd5 Rc7c5
30.Rb1b5 Rc5xb5
31.Qa4xb5 a4
32.Nd5b6 Qa8xe4
33.Nb6xa4 Qe4e1
34.Kg2 Qe1e4
35.f3 Qe4c2
36.Kh3 g5
37.Qb5e8 Kh7
{ resign }
0-1

[Event "Tourn. n8538"]
[Site "www.chess-mail.com"]
[Date "2016.02.07"]
[Round "1"]
[White "Karpawn"]
[Black "Falcoale"]
[WhiteElo "1659"]
[BlackElo "1730"]
[Result "0-1"]
[Round "1"]
1.e4 c5
2.f4 e6
3.Ng1f3 b6
4.Nb1c3 Bc8b7
5.d3 Ng8f6
6.Bf1e2 d5
7.e5 Nf6d7
8.O-O a6
9.Qd1e1 Nb8c6
10.f5 exf5
11.Nc3xd5 Nc6e7
12.Nd5e3 g6
13.Ne3c4 Bf8g7
14.Nc4d6 Kf8
15.Nd6xb7 Qd8b8
16.Nb7d6 Bg7xe5
17.Nf3xe5 Qb8xd6
18.Bc1h6 Ke8
19.Ne5c4 Qd6b8
20.Bh6f4 Qb8a7
21.Nc4d6 Kf8
 { time }
0-1

[Event "Tourn. n8568"]
[Site "www.chess-mail.com"]
[Date "2016.02.07"]
[Round "1"]
[White "Falcoale"]
[Black "Duff"]
[WhiteElo "1670"]
[BlackElo "1700"]
[Result "0-1"]
[Round "1"]
1.e4 e5
2.Ng1f3 Nb8c6
3.d4 exd4
4.Nf3xd4 Bf8c5
5.c3 d6
6.Bf1d3 Ng8f6
7.Nd4xc6 bxc6
8.O-O O-O
9.b4 Bc5b6
10.a4 a5
11.Bc1b2 Rf8e8
12.Kh1 Nf6xe4
13.Bd3c2 Ne4xf2
14.Rf1xf2 Bb6xf2
15.Bc2xh7 Kf8
16.Nb1d2 Re8e1
17.Qd1xe1 Bf2xe1
18.Ra1xe1 Qd8h4
19.Nd2f3 Qh4xh7
20.Nf3d4 Bc8b7
21.b5 cxb5
22.Nd4xb5 Ra8e8
{ resign }
0-1

[Event "Tourn. n8573"]
[Site "www.chess-mail.com"]
[Date "2016.02.07"]
[Round "1"]
[White "Libiesse"]
[Black "Fkarpov"]
[WhiteElo "2000"]
[BlackElo "2070"]
[Result "0-1"]
[Round "1"]
1.d4 Ng8f6
2.c4 e6
3.Ng1f3 c5
4.Bc1g5 Bf8e7
5.Nb1c3 O-O
6.d5 Nf6xd5
7.Bg5xe7 Nd5xe7
8.e4 f5
9.e5 Ne7g6
10.Qd1d6 b6
11.Nc3b5 Ng6h8
12.Bf1e2 Nh8f7
13.Qd6d2 Nb8c6
14.Qd2e3 a6
15.Nb5d6 Nc6xe5
16.Nf3xe5 Nf7xd6
17.Ra1d1 Nd6e4
18.Be2f3 d5
19.cxd5 exd5
20.b3 Rf8e8
21.Bf3xe4 fxe4
{ resign }
0-1

[Event "Tourn. n8610"]
[Site "www.chess-mail.com"]
[Date "2016.02.07"]
[Round "1"]
[White "Cal"]
[Black "Gatrooper"]
[WhiteElo "1600"]
[BlackElo "1620"]
[Result "1-0"]
[Round "1"]
1.d4 d5
2.h3 h6
3.e3 a6
4.Ng1f3 Nb8c6
5.a3 Ng8f6
6.Bf1d3 g6
7.Nb1c3 Bc8f5
8.Bd3xf5 gxf5
9.b4 e6
10.Bc1b2 Nf6e4
11.Nc3e2 Qd8d7
12.O-O O-O-O
13.Ra1c1 Bf8g7
14.c4 dxc4
15.Rc1xc4 e5
16.d5 Nc6a7
17.Bb2xe5 Bg7xe5
18.Nf3xe5 Qd7e8
19.Ne2f4 Ne4d6
20.Qd1d4 c6
21.Rc4c2 Na7b5
22.Qd4b6 Qe8xe5
23.dxc6 Nb5c7
24.Rf1d1 bxc6
25.Rc2xc6 Kd7
26.Rd1xd6 Ke8
27.Rd6xd8 Kxd8
28.Rc6d6 Ke8
29.Qb6xc7 Kf8
30.Rd6d8 Kg7
31.Qc7xe5 f6
32.Qe5e7 { resign }
1-0

[Event "Tourn. n8593"]
[Site "www.chess-mail.com"]
[Date "2016.02.07"]
[Round "1"]
[White "Libiesse"]
[Black "Amaya"]
[WhiteElo "1990"]
[BlackElo "2040"]
[Result "1-0"]
[Round "1"]
1.d4 g6
2.c4 Bf8g7
3.Nb1c3 Ng8f6
4.Ng1f3 O-O
5.Bc1g5 d6
6.e3 Nb8d7
7.Bf1e2 e5
8.d5 Qd8e8
9.e4 Nd7c5
10.Nf3d2 Bc8d7
11.O-O Qe8c8
12.f4 exf4
13.Rf1xf4 Nf6e8
14.Bg5e7 Bg7e5
15.Rf4f1 Bd7h3
16.Be7xf8 Kxf8
17.gxh3 Qc8xh3
18.Rf1f2 Ne8f6
19.Qd1f1 Qh3h4
20.Nd2f3 Qh4f4
21.Nf3xe5 Qf4xe5
22.Rf2xf6 { resign }
1-0

[Event "Tourn. n8545"]
[Site "www.chess-mail.com"]
[Date "2016.02.07"]
[Round "1"]
[White "Vinvangogh"]
[Black "Gatrooper"]
[WhiteElo "1540"]
[BlackElo "1580"]
[Result "0-1"]
[Round "1"]
1.e4 e5
2.Nb1c3 Ng8f6
3.d4 exd4
4.Nc3b5 Nf6xe4
5.Bc1f4 Bf8d6
6.Bf4xd6 cxd6
7.Nb5xd6 Ne4xd6
8.Qd1e2 Qd8e7
9.Qe2xe7 Kxe7
10.Ng1f3 a6
11.Nf3xd4 Rh8e8
12.O-O-O Kf8
13.Bf1d3 Nb8c6
14.Nd4xc6 dxc6
15.Bd3xh7 g6
16.Rd1xd6 Kg7
17.h4 Kxh7
18.h5 Kg7
19.g4 Re8h8
20.g5 gxh5
21.f4 Bc8e6
22.Rh1f1 Be6c4
23.Rf1g1 h4
24.Rd6d2 Bc4xa2
25.Rd2h2 Ba2e6
26.Rg1f1 Be6c4
27.Rf1f2 Ra8d8
28.f5 f6
29.g6 h3
30.b3 Bc4d5
31.Rf2e2 Rd8d7
32.Re2d2 Rd7e7
33.c4 Bd5e4
34.Rd2e2 Re7e5
35.Re2b2 Be4xf5
36.b4 Bf5xg6
37.b5 Re5e1
38.Kd2 Re1e4
39.bxa6 bxa6
40.Kc3 Re4e3
41.Kb4 Rh8b8
42.Kc5 Re3e5
43.Kxc6 Bg6e8
44.Kc7 Rb8a8
45.Rh2xh3 Ra8a7
46.Kd6 Ra7d7
47.Kc6 Rd7e7
48.Kd6 Re7e6
49.Kc7 Re5c5
50.Kd8 Be8f7
51.Kd7 Rc5c6
52.Rb2g2 Bf7g6
53.Rh3g3 Re6d6
54.Ke7 Rd6e6
55.Kd7 Re6d6
56.Ke7 Rd6e6
57.Kd8 Kf8
58.Rg3xg6 Re6d6
{ resign }
0-1

[Event "Tourn. n8550"]
[Site "www.chess-mail.com"]
[Date "2016.02.07"]
[Round "1"]
[White "Cal"]
[Black "Chessexpert"]
[WhiteElo "1560"]
[BlackElo "1480"]
[Result "1-0"]
[Round "1"]
1.c4 f5
2.d4 Ng8f6
3.Bc1g5 g6
4.e3 Bf8g7
5.Bf1d3 O-O
6.Bg5xf6 Bg7xf6
7.Ng1f3 d6
8.Nb1c3 c6
9.Nc3e2 e5
10.dxe5 dxe5
11.Bd3c2 Qd8e7
12.Qd1c1 Rf8d8
13.O-O Bc8e6
14.b3 Nb8a6
15.h3 Na6b4
16.Bc2d1 e4
17.Nf3h2 Bf6xa1
18.Qc1xa1 Nb4d3
19.Ne2f4 Nd3xf4
20.exf4 Rd8d7
21.Rf1e1 Ra8d8
22.Qa1e5  { time }
1-0

[Event "Tourn. n8577"]
[Site "www.chess-mail.com"]
[Date "2016.02.07"]
[Round "1"]
[White "Seger"]
[Black "Greghghs"]
[WhiteElo "2770"]
[BlackElo "2360"]
[Result "1-0"]
[Round "1"]
1.d4 b6
2.e4 Bc8b7
3.Bf1d3 e6
4.Ng1f3 c5
5.d5 exd5
6.exd5 Bb7xd5
7.Nb1c3 Bd5b7
8.Bd3c4 Ng8f6
9.Nf3e5 d5
10.Bc4b5 Ke7
11.O-O Nf6e4
12.Nc3xe4 { resign }
1-0

[Event "Tourn. n8564"]
[Site "www.chess-mail.com"]
[Date "2016.02.07"]
[Round "1"]
[White "Nimzo"]
[Black "Faerieking"]
[WhiteElo "2810"]
[BlackElo "2230"]
[Result "1-0"]
[Round "1"]
1.d4 Ng8f6
2.c4 e6
3.Ng1f3 Bf8b4
4.Bc1d2 c5
5.Bd2xb4 cxb4
6.e3 O-O
7.Bf1d3 d6
8.O-O Qd8e7
9.Nb1d2 Bc8d7
10.h3 e5
11.Qd1c2 Bd7c6
12.d5 Bc6d7
13.c5 dxc5
14.Nd2e4 Nf6xe4
15.Bd3xe4 { resign }
1-0

[Event "Tourn. n8548"]
[Site "www.chess-mail.com"]
[Date "2016.02.07"]
[Round "1"]
[White "Chesspower"]
[Black "Gatrooper"]
[WhiteElo "1720"]
[BlackElo "1630"]
[Result "0-1"]
[Round "1"]
1.g3 e5
2.Bf1g2 d5
3.c4 dxc4
4.Qd1a4 Bc8d7
5.Qa4xc4 Nb8c6
6.e3 Bd7e6
7.Qc4a4 Be6d7
8.Qa4b3 Ra8b8
9.a3 Bd7e6
10.Qb3c2 h6
11.Ng1e2 Qd8d7
12.O-O Be6g4
13.f3 Bg4f5
14.e4 Bf5e6
15.Nb1c3 Ng8f6
16.f4 exf4
17.Ne2xf4 Nc6d4
18.Qc2d1 Be6c4
19.d3 Bc4b3
20.Qd1e1 Nf6g4
21.h3 Nd4c2
22.Qe1e2 Nc2xa1
23.hxg4 Bf8c5
 { time }
0-1

[Event "Tourn. n8464"]
[Site "www.chess-mail.com"]
[Date "2016.02.07"]
[Round "1"]
[White "Asoka"]
[Black "Fvdp"]
[WhiteElo "2670"]
[BlackElo "2380"]
[Result "1-0"]
[Round "1"]
1.c4 Ng8f6
2.d4 c5
3.d5 b5
4.cxb5 a6
5.bxa6 g6
6.Nb1c3 Bc8xa6
7.e4 Ba6xf1
8.Kxf1 d6
9.g3 Bf8g7
10.Kg2 O-O
11.Ng1f3 Nb8d7
12.h3 Qd8a5
13.Bc1d2 Nd7b6
14.b3 Rf8c8
15.a3 Qa5a6
16.Qd1c2 c4
17.b4 Nb6a4
18.Nf3d4 Na4xc3
19.Bd2xc3 Qa6a4
20.Qc2xa4 Ra8xa4
21.Rh1e1 Rc8a8
22.Nd4c6 e6
23.b5 exd5
24.b6 Nf6xe4
25.Bc3xg7 Kxg7
26.b7 Ra8f8
27.b8Q Rf8xb8
28.Nc6xb8 c3
29.Re1d1 d4
30.Nb8c6 Ne4d2
31.Ra1a2 Ra4c4
32.Nc6b4 f5
33.Rd1xd2 cxd2
34.Ra2xd2 { resign }
1-0

[Event "Tourn. n8598"]
[Site "www.chess-mail.com"]
[Date "2016.02.07"]
[Round "1"]
[White "Caspito"]
[Black "Cal"]
[WhiteElo "1700"]
[BlackElo "1600"]
[Result "0-1"]
[Round "1"]
1.e4 e5
2.Ng1f3 d6
3.d4 Bc8g4
4.d5 a6
5.g3 h6
6.Bf1g2 Ng8f6
7.O-O Bf8e7
8.Rf1e1 b5
9.c3 Bg4h5
10.Qd1d3 O-O
11.Bc1e3 Nb8d7
12.b3 c5
13.Nf3h4 Nf6g4
14.Nh4f5 Nd7f6
15.c4 b4
16.a3 Bh5g6
17.axb4 cxb4
18.Be3d2 Bg6xf5
19.exf5 Qd8b6
20.Bd2e3 Ng4xe3
21.Re1xe3 Nf6g4
22.Re3f3 Rf8e8
23.Nb1d2 Be7f6
24.Nd2e4 Bf6e7
25.Bg2h3 h5
26.Kg2 Ng4h6
27.g4 hxg4
28.Bh3xg4 a5
29.Bg4h5 Re8f8
30.Rf3h3 Nh6xf5
31.Ra1g1 a4
32.bxa4 Ra8xa4
33.Kf3 Ra4a3
34.Kg4 Ra3xd3
35.Rh3xd3 Nf5h6
36.Kh3 b3
{ resign }
0-1

[Event "Tourn. n8591"]
[Site "www.chess-mail.com"]
[Date "2016.02.07"]
[Round "1"]
[White "Caspito"]
[Black "Battlechess"]
[WhiteElo "1700"]
[BlackElo "1620"]
[Result "1-0"]
[Round "1"]
1.e4 c5
2.b3 Nb8c6
3.Bc1b2 d6
4.Bf1b5 Bc8d7
5.Qd1f3 Ng8f6
6.Ng1e2 a6
7.Bb5c4 e6
8.O-O Bf8e7
9.a3 O-O
10.Nb1c3 Nc6e5
11.Qf3g3  { time }
1-0

[Event "Tourn. n8607"]
[Site "www.chess-mail.com"]
[Date "2016.02.07"]
[Round "1"]
[White "Duff"]
[Black "Gatrooper"]
[WhiteElo "1840"]
[BlackElo "1620"]
[Result "1-0"]
[Round "1"]
1.e4 e5
2.Ng1f3 Nb8c6
3.Bf1c4 d6
4.d4 Bc8e6
5.d5 Be6xd5
6.Bc4xd5 h6
7.Nb1c3 Nc6e7
8.Bd5xb7 Ra8b8
9.Bb7d5 Ne7xd5
10.Nc3xd5 Ng8f6
11.Nd5xf6 Qd8xf6
12.O-O g5
13.Qd1d5 Bf8e7
14.Qd5c6 Kf8
15.Qc6xc7 Kg7
16.b3 Rb8c8
17.Qc7xa7 Rc8xc2
18.Bc1e3 Rh8e8
19.a4 g4
20.Nf3e1 Rc2e2
21.Ne1d3 Re2c2
22.Rf1c1 Rc2e2
23.a5 d5
24.Nd3xe5 Qf6xe5
25.Be3d4 Be7c5
26.Bd4xe5 Re8xe5
27.Qa7xc5 Re5xe4
28.Qc5xd5 Re4e5
29.Qd5d4 Re2e4
30.Qd4c3 f6
31.a6 Re5e8
32.a7 Re8a8
33.Qc3c6 Ra8e8
34.a8Q Re8xa8
35.Qc6xa8 Re4e7
36.Ra1a7 Re7xa7
37.Qa8xa7 Kg6
38.Rc1c4 h5
39.Qa7b6 Kg5
40.g3 h4
41.Qb6b5 f5
42.Rc4f4 hxg3
43.Qb5xf5 Kh6
44.Qf5f6 Kh7
45.Qf6e6 Kg7
46.Rf4f7 Kg8
47.Qe6e8 { resign }
1-0

[Event "Tourn. n8579"]
[Site "www.chess-mail.com"]
[Date "2016.02.07"]
[Round "1"]
[White "Attatroll"]
[Black "Andychesston"]
[WhiteElo "2000"]
[BlackElo "1940"]
[Result "1-0"]
[Round "1"]
1.e4 e5
2.Ng1f3 Nb8c6
3.d4 d6
4.dxe5 Bc8g4
5.exd6 Bf8xd6
6.Nb1c3 Ng8f6
7.Bf1b5 O-O
8.O-O Nc6e5
9.Bb5e2 Qd8e7
10.Bc1g5 Qe7e6
11.Nf3d4 Ne5f3
12.Be2xf3 Bg4xf3
13.Qd1xf3 Qe6e5
14.Bg5xf6 Qe5xf6
15.Qf3xf6 gxf6
16.Nd4f5 Kh8
17.Nc3d5 Bd6e5
18.c3 Rf8g8
19.f4 Be5d6
20.Nd5xf6 Rg8g6
21.e5 Bd6c5
22.Kh1 Ra8d8
23.Ra1d1 Rd8xd1
24.Rf1xd1 Rg6xf6
25.Rd1d8 { resign }
1-0

[Event "Tourn. n8568"]
[Site "www.chess-mail.com"]
[Date "2016.02.07"]
[Round "1"]
[White "Battlechess"]
[Black "Gatrooper"]
[WhiteElo "1620"]
[BlackElo "1630"]
[Result "0-1"]
[Round "1"]
1.d4 d5
2.c4 dxc4
3.e4 e6
4.Bf1xc4 a6
5.Nb1c3 Bf8b4
6.Ng1e2 Bb4xc3
7.Ne2xc3 h6
8.O-O Ng8f6
9.e5 Nf6d7
10.f4 Nb8c6
11.Bc1e3 Nc6b4
12.a3 Nb4c6
13.Qd1d2 f5
14.Bc4xe6 Nd7f8
15.Be6xc8 Qd8xc8
16.d5 Nc6e7
17.d6 cxd6
18.exd6 Ne7c6
 { time }
0-1

[Event "Tourn. n8556"]
[Site "www.chess-mail.com"]
[Date "2016.02.07"]
[Round "1"]
[White "Orhany24"]
[Black "Tonino1"]
[WhiteElo "2030"]
[BlackElo "2030"]
[Result "1/2-1/2"]
[Round "1"]
1.e4 c5
2.Ng1f3 d6
3.d4 cxd4
4.Nf3xd4 Ng8f6
5.Bf1d3 Nb8c6
6.Nd4xc6 bxc6
7.c4 g6
8.Nb1c3 Bf8g7
9.O-O O-O
10.h3 Bc8e6
11.Bc1e3 Nf6d7
12.Qd1c2 Nd7e5
13.b3 Qd8d7
14.Bd3e2 Ra8c8
15.Ra1d1 f5
16.f4 Ne5f7
17.exf5 Be6xf5
18.Be2d3 Bf5xd3
19.Qc2xd3 e5
20.fxe5 Bg7xe5
21.Nc3e4 Qd7e6
22.Ne4g5 Nf7xg5
23.Be3xg5 c5
24.Bg5h6 Be5d4
25.Kh1 Rf8xf1
26.Rd1xf1 Bd4g7
27.Bh6xg7 Kxg7
28.Rf1d1 Rc8d8
29.Qd3c3 Qe6f6
30.Qc3xf6 Kxf6
31.Kg1 Ke5
32.Kf2 d5
33.cxd5 Rd8xd5
34.Rd1xd5 Kxd5
35.Ke3 c4
36.b4 Kc6
37.Kd4 Kb5
38.a3 h6
39.g4 g5
40.Kc3 a6
41.a4 Kxa4
42.Kxc4 Ka3
43.Kc3 Ka2
44.Kc2 Ka3
{ draw }
1/2-1/2

[Event "Tourn. n8550"]
[Site "www.chess-mail.com"]
[Date "2016.02.07"]
[Round "1"]
[White "Chessexpert"]
[Black "Gatrooper"]
[WhiteElo "1480"]
[BlackElo "1620"]
[Result "0-1"]
[Round "1"]
1.c4 c5
2.Nb1c3 Ng8f6
3.g3 e5
4.Bf1g2 Nb8c6
5.d3 a6
6.Ng1f3 h6
7.O-O d6
8.a3 Bc8d7
9.h3 g5
10.Ra1b1 Bf8g7
11.b4 g4
12.hxg4 Nf6xg4
13.Nc3d5 Bd7e6
14.e4 Be6xd5
15.cxd5 Nc6e7
16.Bc1d2 cxb4
17.axb4 b5
18.Rb1c1 Ne7g6
19.Rc1c3 h5
20.Qd1c1 Bg7h6
 { time }
0-1

[Event "Tourn. n8598"]
[Site "www.chess-mail.com"]
[Date "2016.02.07"]
[Round "1"]
[White "Mrfunk"]
[Black "Vinvangogh"]
[WhiteElo "1499"]
[BlackElo "1550"]
[Result "1-0"]
[Round "1"]
1.e4 e5
2.Ng1f3 Nb8c6
3.Bf1b5 Bf8c5
4.c3 Bc5xf2
5.Kxf2 d5
6.Rh1e1 Ng8f6
7.exd5 Qd8xd5
8.Re1xe5 Kf8
9.Re5xd5 Nf6xd5
10.d4 Nc6e7
11.Bb5e2 Ne7f5
12.c4 Nd5e7
13.Bc1f4 Ne7g6
14.Bf4xc7 h5
15.Qd1a4 h4
16.Nb1d2 h3
17.g4 Ng6h4
18.gxf5 Bc8xf5
19.Qa4b5 Bf5g4
20.Nf3g5 Nh4f5
21.Be2xg4 Nf5e7
22.Bc7d6 g6
23.Qb5e5 Rh8h4
24.Qe5f6 Kg8
25.Qf6xf7 Kh8
26.Bd6e5 
1-0

[Event "Match"]
[Site "www.echecsemail.com"]
[Date "2016.02.07"]
[Round "1"]
[White "Ranjachess"]
[Black "Rindrandria"]
[WhiteElo "1710"]
[BlackElo "1580"]
[Result "1-0"]
[Round "1"]
1.e4 c5
2.Bf1c4 Qd8b6
3.d3 g5
4.Qd1f3 e6
5.Ng1e2 Bf8h6
6.Qf3g4 Qb6d6
7.Bc1xg5 Bh6xg5
8.Qg4xg5 Nb8c6
9.Qg5g7 Qd6e5
10.Qg7xe5 Nc6xe5
11.Nb1d2 Ng8f6
12.f3 Rh8g8
13.g4 a6
14.g5 Nf6h5
15.f4 Ne5g4
16.h4 Ng4e3
17.Bc4b3 b5
18.Rh1g1 Bc8b7
19.Kf2 c4
20.Kxe3 cxb3
21.Nd2xb3 Ra8c8
22.Ne2d4 f6
23.c3 fxg5
24.hxg5 Rg8f8
25.f5 e5
26.Nd4f3 d6
27.f6 h6
28.Ra1f1 hxg5
29.Nf3xg5 Nh5xf6
30.Ng5e6 Nf6g4
31.Ke2 Rf8xf1
32.Kxf1 Ng4f6
33.d4 Bb7xe4
34.Rg1g5 exd4
35.Nb3xd4 Kf7
36.Rg5g7 Ke8
37.Ne6c7 Kf8
38.Nd4e6 
1-0

[Event "Match"]
[Site "www.echecsemail.com"]
[Date "2016.02.07"]
[Round "1"]
[White "Shlomo"]
[Black "Trucker44"]
[WhiteElo "1499"]
[BlackElo "1659"]
[Result "1-0"]
[Round "1"]
1.e4 e5
2.Ng1f3 d6
3.h3 c5
4.Bf1c4 Bc8e6
5.Bc4d5 Ng8f6
6.Bd5xb7 Nb8d7
7.Bb7xa8 Qd8xa8
8.Nb1c3 h5
9.Nc3b5 Qa8b8
10.a4 Nf6xe4
11.d3  { time }
1-0

[Event "Match"]
[Site "www.echecsemail.com"]
[Date "2016.02.07"]
[Round "1"]
[White "Chessexpert"]
[Black "Osvalazo"]
[WhiteElo "1480"]
[BlackElo "1349"]
[Result "0-1"]
[Round "1"]
1.d4 d5
2.Bc1f4 Ng8f6
3.e3 Bc8g4
4.Ng1f3 e6
5.Nb1c3 Nf6e4
6.Bf1e2 Bg4xf3
7.Be2xf3 Bf8b4
8.Bf3xe4 dxe4
9.Qd1d2 g5
10.Bf4g3 Nb8c6
11.a3 Bb4xc3
 { time }
0-1

[Event "Match"]
[Site "www.echecsemail.com"]
[Date "2016.02.07"]
[Round "1"]
[White "Raulazo"]
[Black "Billyg"]
[WhiteElo "1860"]
[BlackElo "1690"]
[Result "1-0"]
[Round "1"]
1.c4 d6
2.e4 e5
3.d4 Nb8c6
4.d5 Nc6b4
5.Qd1a4 c6
6.Qa4xb4 c5
7.Qb4b5 Bc8d7
8.Qb5xb7 f5
9.Qb7b3 fxe4
10.Nb1d2 Ra8b8
11.Qb3g3 g6
12.Nd2xe4 Bd7f5
13.Bc1g5 Qd8a5
14.Bg5d2 Qa5b6
15.b3 Bf5xe4
16.f3 Be4f5
17.f4 exf4
18.Qg3xf4 Bf8h6
19.Qf4f2 Bh6xd2
20.Qf2xd2 Ng8f6
21.Qd2e3 Kf7
22.Bf1e2 Rh8e8
23.Qe3h6 Qb6b4
24.Kf1 Qb4c3
25.Ra1c1 Qc3b2
26.Rc1e1 Qb2c3
27.Ng1f3 Re8h8
28.Nf3g5 Kg8
29.h4 Rb8e8
30.Ng5f3 Nf6g4
31.Qh6d2 Ng4e3
32.Kf2 Ne3g4
33.Kg3 Qc3xd2
34.Nf3xd2 h5
35.Be2xg4 Re8xe1
36.Rh1xe1 hxg4
37.Re1e8 Kg7
38.Re8e7 Kf6
39.Re7xa7 g5
40.hxg5 Kxg5
41.Ra7g7 Kh5
42.a4 Rh8e8
43.Nd2f1 Re8e4
44.a5 Re4d4
45.a6 Rd4d3
46.Kf4 Bf5c8
47.Rg7g5 Kh4
48.g3 Kh3
49.a7 Bc8b7
50.Rg5xg4 Rd3xb3
51.Nf1e3 Rb3xe3
52.Rg4h4 Kg2
53.Kxe3 Kxg3
54.Rh4h6 { resign }
1-0

[Event "Match"]
[Site "www.echecsemail.com"]
[Date "2016.02.07"]
[Round "1"]
[White "Pare123"]
[Black "Tonino1"]
[WhiteElo "1890"]
[BlackElo "2030"]
[Result "1/2-1/2"]
[Round "1"]
1.c4 Ng8f6
2.Nb1c3 g6
3.d4 Bf8g7
4.e4 d6
5.Ng1f3 O-O
6.Bc1e3 e5
7.dxe5 dxe5
8.Qd1xd8 Rf8xd8
9.Nf3xe5 Nf6xe4
10.Nc3xe4 Bg7xe5
11.Ra1b1 a5
12.b3 b6
13.Bf1e2 Bc8f5
14.f3 c5
15.O-O Nb8c6
16.Rb1d1 Be5d4
17.Be3xd4 Nc6xd4
18.Ne4g3 Nd4xe2
19.Ng3xe2 Rd8d3
20.Ne2g3 Rd3xd1
21.Rf1xd1 Bf5e6
22.Rd1d6 Ra8b8
23.Ng3e4 Kg7
24.Ne4g5 Be6f5
25.g4 h6
26.Ng5h3 Bf5e6
27.Nh3f2 b5
28.cxb5 Rb8xb5
29.Rd6c6 Be6d5
30.Rc6c7 Bd5xf3
31.h3 Bf3d5
32.Nf2d3 a4
33.Nd3xc5 axb3
34.axb3 Rb5xb3
35.Nc5xb3 Bd5xb3
36.Kf2 g5
37.Ke3 Kg6
38.Ke4 Bb3e6
39.Ke5 h5
40.gxh5 Kxh5
41.Rc7c3 Kh4
42.Kf6 Be6xh3
{ draw }
1/2-1/2

[Event "Match"]
[Site "www.echecsemail.com"]
[Date "2016.02.07"]
[Round "1"]
[White "Caspito"]
[Black "Darknight"]
[WhiteElo "1730"]
[BlackElo "1610"]
[Result "1-0"]
[Round "1"]
1.e4 e5
2.Ng1f3 d6
3.Bf1c4 h6
4.c3 Bc8g4
5.d4 exd4
6.cxd4 Nb8c6
7.Qd1b3 Qd8d7
8.O-O O-O-O
9.Bc4b5 Ng8e7
10.d5 a6
11.dxc6 Ne7xc6
12.Bb5a4 b6
13.Bc1f4 Bg4e6
14.Qb3d3 Kb7
15.Nb1d2 Rd8b8
16.b4 b5
17.Ba4b3 Nc6xb4
18.Qd3b1 a5
19.a3 Nb4c6
20.Bb3xe6 Qd7xe6
21.Bf4e3 f6
22.Nf3d4 Nc6xd4
23.Be3xd4 c6
24.Rf1e1 a4
25.Ra1a2 Ka6
26.Ra2c2 Qe6d7
27.Nd2f3 Bf8e7
28.Re1c1 Rb8c8
29.Bd4c3 Be7d8
30.Rc1d1 Bd8c7
31.e5 d5
32.Nf3d4 Bc7xe5
33.Qb1b4 Be5c7
34.Nd4f3 Rc8e8
35.Nf3h4 Qd7f7
36.g3 Re8g8
37.Nh4f5 Qf7g6
38.Nf5e3 h5
39.Bc3d4 h4
40.Rc2xc6 Kb7
41.Qb4xb5 Kc8
42.Ne3xd5 Qg6e4
43.Qb5a6 Kd8
44.Rc6xc7 Qe4xd5
45.Qa6c8 
1-0

[Event "Match"]
[Site "www.echecsemail.com"]
[Date "2016.02.07"]
[Round "1"]
[White "Gatrooper"]
[Black "Woody"]
[WhiteElo "1690"]
[BlackElo "1499"]
[Result "0-1"]
[Round "1"]
1.e4 e5
2.a3 Nb8c6
3.Ng1f3 Ng8f6
4.Nb1c3 d5
5.exd5 Nf6xd5
6.Bf1c4 Bc8e6
7.Bc4xd5 Be6xd5
8.d3 Bf8d6
9.Nf3g5 Bd6e7
10.Nc3xd5 Qd8xd5
11.f3 Be7c5
12.b4 Qd5d4
13.Ng5e4 Qd4xa1
14.bxc5 O-O
15.O-O f5
16.Ne4g5 Ra8e8
17.Qd1e1 h6
18.Ng5h3 Nc6d4
19.Qe1g3 Nd4e2
20.Kh1 Ne2xg3
21.hxg3 e4
22.fxe4 fxe4
23.Rf1g1 Qa1d4
24.dxe4 Re8xe4
25.c3 Qd4xc3
26.Bc1f4 c6
27.a4 Re4xa4
28.Bf4d6 Rf8e8
29.Nh3f4 Qc3xg3
30.Rg1f1 Re8e1
31.Rf1xe1 Qg3xe1
32.Kh2 Ra4xf4
33.Bd6xf4 Qe1h4
34.Kg1 Qh4xf4
35.Kh1 Qf4c1
36.Kh2 Qc1xc5
37.g3 g5
38.Kh3 Kg7
39.Kg4 Qc5e5
40.Kf3 c5
41.g4 c4
42.Kf2 c3
43.Kf3 c2
{ resign }
0-1

[Event "1/128 Finale"]
[Site "www.chess-mail.com"]
[Date "2016.02.07"]
[Round "1"]
[White "Chessexpert"]
[Black "Gatrooper"]
[WhiteElo "1480"]
[BlackElo "1640"]
[Result "0-1"]
[Round "1"]
1.c4 c5
2.Nb1c3 Ng8f6
3.Ng1f3 Nb8c6
4.d4 cxd4
5.Nf3xd4 Nc6xd4
6.Qd1xd4 d6
7.e4 a6
8.Bf1e2 e5
9.Qd4d1 h6
10.O-O Bf8e7
11.Be2f3 Bc8e6
12.Nc3d5 Be6xd5
13.cxd5 Qd8d7
14.Bc1e3 Nf6h7
15.Ra1c1 b5
16.Rc1c6 O-O
17.Qd1c2 Ra8c8
18.Rf1c1 Nh7f6
19.Rc6xc8 Rf8xc8
20.Qc2xc8 Qd7xc8
 { time }
0-1

[Event "Eq:Equipo Juan Diaz-Slap Shot Mates : "]
[Site "www.chess-mail.com"]
[Date "2016.02.07"]
[Round "1"]
[White "Echo314"]
[Black "Ecijaajedrez"]
[WhiteElo "2760"]
[BlackElo "2530"]
[Result "1-0"]
[Round "1"]
1.e4 c5
2.Ng1f3 d6
3.d4 cxd4
4.Nf3xd4 Ng8f6
5.Nb1c3 e6
6.Bc1e3 Nb8c6
7.Qd1d2 Bf8e7
8.f3 O-O
9.O-O-O d5
10.Bf1e2 Rf8e8
11.a3 a6
12.g4 Nc6xd4
13.Qd2xd4 b5
14.g5 Nf6d7
15.exd5 Be7c5
16.Qd4d2 Bc5xe3
17.Qd2xe3 exd5
18.Qe3d2 Bc8b7
19.Rh1e1 Qd8c7
20.Be2f1 Nd7c5
21.Bf1h3 d4
22.Qd2xd4 Bb7xf3
23.Re1xe8 Ra8xe8
24.Qd4d6 Qc7a7
25.Rd1d4 g6
26.b4 Nc5e6
27.Bh3xe6 Re8xe6
28.Qd6f4 Bf3g2
29.Rd4d8 Kg7
30.Nc3d1 Bg2e4
31.Qf4g3 Qa7e7
32.Qg3c3 f6
33.Qc3d4 Be4c6
34.Nd1f2 Re6e1
35.Kb2 Qe7e5
36.Qd4xe5 Re1xe5
37.Rd8d6 Re5f5
38.Rd6xc6 Rf5xf2
39.Rc6xa6 fxg5
40.a4 Rf2f4
41.Ka3 { resign }
1-0

[Event "Eq:chibcha-Equipo Juan Diaz : "]
[Site "www.chess-mail.com"]
[Date "2016.02.07"]
[Round "1"]
[White "Ecijaajedrez"]
[Black "Lino"]
[WhiteElo "2550"]
[BlackElo "2360"]
[Result "1-0"]
[Round "1"]
1.d4 f5
2.e4 fxe4
3.Nb1c3 Ng8f6
4.Bc1g5 Nb8c6
5.d5 Nc6e5
6.Qd1d4 Ne5f7
7.Bg5xf6 exf6
8.Nc3xe4 f5
9.Ne4g3 g6
10.O-O-O Bf8h6
11.f4 O-O
12.Ng1f3 Bh6g7
13.Qd4d2 b5
14.Nf3d4 Nf7d6
15.h4 h5
16.Bf1e2 Ra8b8
17.Kb1  { time }
1-0

[Event "Eq:La Taverne-Equipo Juan Diaz : "]
[Site "www.chess-mail.com"]
[Date "2016.02.07"]
[Round "1"]
[White "Xkafi"]
[Black "Astigitana"]
[WhiteElo "1910"]
[BlackElo "2410"]
[Result "0-1"]
[Round "1"]
1.e4 c5
2.Bf1c4 e6
3.Nb1c3 d6
4.d3 Ng8f6
5.h3 Nb8c6
6.Bc4b5 Bc8d7
7.Bc1g5 Bf8e7
8.Ng1f3 O-O
9.g4 a6
10.Bb5xc6 Bd7xc6
11.Rh1g1 Qd8c7
12.Bg5f4 b5
13.g5 Nf6h5
14.Bf4h2 b4
15.Nc3e2 f5
16.Ne2f4 Nh5xf4
17.Bh2xf4 fxe4
18.Rg1g4 exf3
19.Qd1d2 Bc6d7
20.Bf4g3 e5
21.Rg4h4 Qc7d8
22.Rh4h5 Bd7e8
{ resign }
0-1

[Event "Tourn. n8591"]
[Site "www.chess-mail.com"]
[Date "2016.02.08"]
[Round "1"]
[White "Duff"]
[Black "Battlechess"]
[WhiteElo "1840"]
[BlackElo "1620"]
[Result "1-0"]
[Round "1"]
1.e4 e6
2.d4 d5
3.Nb1c3 Ng8f6
4.Bc1g5 Bf8b4
5.e5 h6
6.exf6 hxg5
7.fxg7 Rh8g8
8.Qd1h5 Qd8f6
9.Ng1f3 Qf6xg7
10.Bf1d3 Bb4xc3
11.bxc3 c5
12.Nf3e5  { time }
1-0

[Event "Tourn. n8584"]
[Site "www.chess-mail.com"]
[Date "2016.02.08"]
[Round "1"]
[White "Scasan55"]
[Black "Tonino1"]
[WhiteElo "2120"]
[BlackElo "2100"]
[Result "0-1"]
[Round "1"]
1.e4 c5
2.Ng1f3 d6
3.d4 cxd4
4.Nf3xd4 Ng8f6
5.Nb1c3 g6
6.Bc1e3 Bf8g7
7.f3 O-O
8.Qd1d2 Rf8e8
9.O-O-O Nb8c6
10.Nd4xc6 bxc6
11.h3 Bc8e6
12.g4 Qd8a5
13.Kb1 Ra8b8
14.Qd2c1 Qa5xc3
15.h4 Nf6xg4
16.Rd1d3 Rb8xb2
17.Qc1xb2 Qc3xb2
{ resign }
0-1